00939nam a2200253 a 450000100100000000500170001000800410002702000150006804000250008308200250010810000360013324500830016925000120025226000610026430000210032549000170034650000730036365000280043665000400046483000260050404900090053095201290053999900170066800002342220200930022217.0101207s1993 sp r 000 e spa d a8437501784 aDO-SdBNPbspacBNPHU aM864.44bP348L, 19931 aPaz, Octavio,d1914-1998.9870310aEl laberinto de la soledad /cOctavio Paz ; edición de Enrico Mario Santí. a15a ed. aMadrid, España :bFondo de Cultura Económica,c1993. a578 p. ;c18 cm.1 aPopularv107 aIncluye referencias bibliográficas y notas al pie de las páginas 4aEnsayos mexicanos91921 4aLiteratura mexicanaySIGLO XX99216 0aPopular ;v107913374 aBNGR 001054708MOaGRbGRcCTd2010-12-07iLF1l0oM864.44 P348L, 1993p23422-10r2020-06-25w2020-06-25y4ZPréstamo en sala c22919d22919